| 000 | 00000nas 2200000zi 4500 |
| 001 | 9.909844 |
| 003 | CaOODSP |
| 005 | 20250904160852 |
| 006 | m o d f |
| 007 | cr ||||||||||| |
| 008 | 220405c20199999bccmr p o f0###a0eng|d |
| 040 | |aCaOODSP|beng|erda|cCaOODSP |
| 043 | |an-cn--- |
| 086 | 1 |aIu85-3/2E-PDF |
| 245 | 00|a... overnight arrivals at a glance. |
| 246 | 3 |iSome issues have title : |a... overnight arrivals to Canada |
| 264 | 1|a[Vancouver] : |bDestination Canada, |c[2019]- |
| 310 | |aMonthly,|b2018-2020, 2022- |
| 321 | |aAnnual,|b2019 |
| 336 | |atext|btxt|2rdacontent |
| 337 | |acomputer|bc|2rdamedia |
| 338 | |aonline resource|bcr|2rdacarrier |
| 362 | 1 |aBegan with May 2019. |
| 500 | |aIssued also in French under title: ... coup d'oeil sur les arrivées pour des séjours d'une nuit ou plus. |
| 588 | |aDescription based on: May 2019. |
| 588 | |aLatest issue consulted: 2021. |
| 650 | 0|aTourism|zCanada|vPeriodicals. |
| 655 | 7|aPeriodicals|2lcgft |
| 710 | 2 |aDestination Canada, |eissuing body. |
| 775 | 08|t... coup d'oeil sur les arrivées pour des séjours d'une nuit ou plus.|w(CaOODSP)9.909846 |
| 775 | 08|tArrivées pour une nuit ou plus en ... en bref.|w(CaOODSP)9.909852 |